Illustrations to the Flora of Delhi (Record no. 589521)

MARC details
000 -LEADER
fixed length control field 00430nam a2200145Ia 4500
008 - FIXED-LENGTH DATA ELEMENTS--GENERAL INFORMATION
fixed length control field 100415s9999 xx 000 0 und d
082 ## - DEWEY DECIMAL CLASSIFICATION NUMBER
Item number 6553
Classification number 580(54)
100 ## - MAIN ENTRY--PERSONAL NAME
Personal name Maheshwari JK
245 ## - TITLE STATEMENT
Title Illustrations to the Flora of Delhi
260 ## - PUBLICATION, DISTRIBUTION, ETC. (IMPRINT)
Place of publication, distribution, etc NEW DELHI
Date of publication, distribution, etc 1966
Name of publisher, distributor, etc COUNCIL OF SCIENTIFIC & INDUST
365 ## - TRADE PRICE
Price amount 0
630 ## - SUBJECT ADDED ENTRY--UNIFORM TITLE
Uniform title Illustrations to the Flora of Delhi
730 ## - ADDED ENTRY--UNIFORM TITLE
Uniform title Illustrations to the Flora of Delhi
942 ## - ADDED ENTRY ELEMENTS (KOHA)
Koha item type Book
Holdings
Withdrawn status Lost status Damaged status Not for loan Home library Current library Date acquired Cost, normal purchase price Total Checkouts Full call number Barcode Date last seen Price effective from Koha item type
        Bombay Natural History Society Bombay Natural History Society 09/27/1997 0.00   580(54) 6553 BNHS-6553 04/15/2010 04/15/2010 Book